<?xml version="1.0" encoding="UTF-8"?>
<record
    xmlns:xsi="http://www.w3.org/2001/XMLSchema-instance"
    xsi:schemaLocation="http://www.loc.gov/MARC21/slim http://www.loc.gov/standards/marcxml/schema/MARC21slim.xsd"
    xmlns="http://www.loc.gov/MARC21/slim">

  <leader>00794nam a2200205 i 4500</leader>
  <controlfield tag="001">82528</controlfield>
  <controlfield tag="003">ES-MaACL</controlfield>
  <controlfield tag="005">20251002204012.0</controlfield>
  <controlfield tag="007">t|</controlfield>
  <controlfield tag="008">041110s1952    sp           ||||1| spa d</controlfield>
  <datafield tag="080" ind1=" " ind2=" ">
    <subfield code="a">821.411.21-96"09"</subfield>
  </datafield>
  <datafield tag="100" ind1="1" ind2=" ">
    <subfield code="a">Ibn Hazm, Al ibn Ahmad.</subfield>
    <subfield code="9">65013</subfield>
  </datafield>
  <datafield tag="245" ind1="1" ind2="3">
    <subfield code="a">El collar de la paloma </subfield>
    <subfield code="b">: tratado sobre el amor y los amantes /</subfield>
    <subfield code="c">Ibn Hazm de C&#xF3;rdoba ; traducido del arabe por Emilio Garc&#xED;a G&#xF3;mez ; con un pr&#xF3;logo de Jos&#xE9; Ortega y Gasset.</subfield>
  </datafield>
  <datafield tag="260" ind1=" " ind2=" ">
    <subfield code="a">Madrid : </subfield>
    <subfield code="b">Sociedad de Estudios y Publicaciones, </subfield>
    <subfield code="c">1952 (</subfield>
    <subfield code="f">Rivadeneyra)</subfield>
  </datafield>
  <datafield tag="300" ind1=" " ind2=" ">
    <subfield code="a">XXVIII, 349 p., 8 l&#xE1;m. ; </subfield>
    <subfield code="c">25 cm.</subfield>
  </datafield>
  <datafield tag="700" ind1="1" ind2=" ">
    <subfield code="a">Garc&#xED;a G&#xF3;mez, Emilio, </subfield>
    <subfield code="d">1905-1995</subfield>
    <subfield code="9">54690</subfield>
  </datafield>
  <datafield tag="700" ind1="1" ind2=" ">
    <subfield code="a">Ortega y Gasset, Jos&#xE9;,</subfield>
    <subfield code="d">1883-1955</subfield>
    <subfield code="9">87503</subfield>
  </datafield>
  <datafield tag="852" ind1=" " ind2=" ">
    <subfield code="a">ES-MaACL</subfield>
    <subfield code="j">D-6812 </subfield>
    <subfield code="b">R.31988</subfield>
  </datafield>
  <datafield tag="999" ind1=" " ind2=" ">
    <subfield code="c">82528</subfield>
    <subfield code="d">82528</subfield>
  </datafield>
  <datafield tag="952" ind1=" " ind2=" ">
    <subfield code="0">0</subfield>
    <subfield code="1">0</subfield>
    <subfield code="4">0</subfield>
    <subfield code="7">0</subfield>
    <subfield code="a">ATENEOM</subfield>
    <subfield code="b">ATENEOM</subfield>
    <subfield code="c">SVI</subfield>
    <subfield code="d">2008-01-17</subfield>
    <subfield code="e">SC</subfield>
    <subfield code="l">0</subfield>
    <subfield code="o">D-6812</subfield>
    <subfield code="p">901086249</subfield>
    <subfield code="r">2023-02-23 00:00:00</subfield>
    <subfield code="w">2023-02-23</subfield>
    <subfield code="y">MONOGRAFIA</subfield>
  </datafield>
</record>
